| 000 | 00413nam a2200133Ia 4500 | ||
|---|---|---|---|
| 008 | 240126s9999 xx 000 0 und d | ||
| 041 | _aEnglish | ||
| 245 | 0 | _aInternational Journal of Bioinformatics and Soft Computing (2011 - | |
| 260 |
_bResearch Science Press (India) _aNew Delhi |
||
| 440 | _aNULL | ||
| 650 | _aBioinformatics,Soft,Computing,(2011,-,Biotechnology | ||
| 650 | _aBiotechnology | ||
| 942 | _cJN | ||
| 999 |
_c266524 _d266524 |
||